Catalog

Record Details

Catalog Search



Available copies

  • 2 of 2 copies available at LARL/NWRL Consortium.
  • 1 of 1 copy available at Northwest Regional Library. (Show preferred library)

Current holds

0 current holds with 2 total copies.

Show Only Available Copies
Location Call Number / Copy Notes Barcode Shelving Location Status Due Date
Thief River Falls Public Library GRI (Text) 35500005384167 Main Available -
Detroit Lakes Public Library GRI (Text) 33500011834942 Main Available -

Record details

  • ISBN: 9781451689341 (hard cover : alk. paper)
  • ISBN: 1451689349 (hard cover : alk. paper)
  • ISBN: 9781476758855 (mass market : alk. paper)
  • ISBN: 1476758859 (mass market : alk. paper)
  • Physical Description: pages cm
  • Edition: First Gallery Books hardcover edition.
  • Publisher: New York : Gallery Books, 2014.
Subject: Women detectives > Fiction.
Brothers and sisters > Fiction.
United States. Federal Bureau of Investigation > Fiction.
Murder > Investigation > Fiction.
Serial murders > Fiction.
Terrorism > Prevention > Fiction.
Genre: Mystery fiction.
Romantic suspense fiction.
LDR 01909cam a22005178i 4500
001163969
003LARL_NWRL_CONSORTIUM
00520140320103251.0
008130919s2014 nyu 000 1 eng
010 . ‡a2013033910
019 . ‡a865496278
020 . ‡a9781451689341 (hard cover : alk. paper)
020 . ‡a1451689349 (hard cover : alk. paper)
020 . ‡a9781476758855 (mass market : alk. paper)
020 . ‡a1476758859 (mass market : alk. paper)
020 . ‡z9781451689372 (ebook)
035 . ‡a(OCoLC)852226483 ‡z(OCoLC)865496278
040 . ‡aDLC ‡beng ‡erda ‡cDLC ‡dBTCTA ‡dBDX ‡dOCLCO
042 . ‡apcc
043 . ‡an-us---
05000. ‡aPS3607.R54838 ‡bF37 2014
08200. ‡a813/.6 ‡223
1001 . ‡aGriffin, Laura, ‡d1973- ‡0(LARL_NWRL_CONSORTIUM)213266
24510. ‡aFar gone / ‡cLaura Griffin.
250 . ‡aFirst Gallery Books hardcover edition.
260 . ‡aNew York : ‡bGallery Books, ‡c2014.
300 . ‡apages cm
336 . ‡atext ‡2rdacontent
337 . ‡aunmediated ‡2rdamedia
338 . ‡avolume ‡2rdacarrier
650 0. ‡aWomen detectives ‡vFiction. ‡0(LARL_NWRL_CONSORTIUM)167906
650 0. ‡aBrothers and sisters ‡vFiction. ‡0(LARL_NWRL_CONSORTIUM)163634
61010. ‡aUnited States. ‡bFederal Bureau of Investigation ‡vFiction.
650 0. ‡aMurder ‡xInvestigation ‡vFiction. ‡0(LARL_NWRL_CONSORTIUM)166203
650 0. ‡aSerial murders ‡vFiction. ‡0(LARL_NWRL_CONSORTIUM)167273
650 0. ‡aTerrorism ‡xPrevention ‡vFiction. ‡0(LARL_NWRL_CONSORTIUM)167697
655 7. ‡aMystery fiction. ‡2gsafd
655 7. ‡aRomantic suspense fiction. ‡2gsafd
948 . ‡hNO HOLDINGS IN LAL - 32 OTHER HOLDINGS
994 . ‡aZ0 ‡bLAL
901 . ‡a163969 ‡bOCLC ‡c163969 ‡tbiblio

Additional Resources